| 000 | 00514nam a2200169 4500 | ||
|---|---|---|---|
| 001 | 107568 | ||
| 003 | ES-MaACL | ||
| 005 | 20230906184440.0 | ||
| 007 | t| | ||
| 008 | 061121s1972 sp r ||||1| spa d | ||
| 100 | 1 |
_aMorson, Basil C. _983707 |
|
| 245 | 1 | 0 |
_aEnfermedades del colon, recto y ano / _cBasil C. Morson; traducción A. Jornet Cases. |
| 260 |
_aBarcelona : _bElicien, _c1972. |
||
| 300 |
_aXII, 395 p. : _bil. ; _c22 cm. |
||
| 700 | 1 |
_aJornet Cases, A. _966960 |
|
| 852 |
_aES-MaACL _jC-51304 _bR.85285 |
||
| 999 |
_c107568 _d107568 |
||